Financovanie malých a stredných podnikov v Slovenskej republike z prostriedkov Európskej únie bakalárska práca

Salvato in:
Dettagli Bibliografici
Autore principale: Hájovský, Michal
Ente Autore: Národohospodárska fakulta EU. Katedra financií
Altri autori: Borza, Michal
Natura: Libro
Lingua:slovacco
Pubblicazione: Bratislava 2011
Tags: Aggiungi Tag
Nessun Tag, puoi essere il primo ad aggiungerne!!

MARC

LEADER 00000nam a2200000 4500
001 0155084
005 20240320072022.3
041 0 |a slo 
044 |a SK 
245 1 0 |a Financovanie malých a stredných podnikov v Slovenskej republike z prostriedkov Európskej únie  |b bakalárska práca  |c Michal Hájovský ; školiteľ: Michal Borza 
264 1 |a Bratislava  |c 2011 
300 |a 41 s. 
100 1 |a Hájovský, Michal 
700 1 |a Borza, Michal 
710 2 |a Národohospodárska fakulta EU. Katedra financií